|
|
|
|
| LEADER |
01461nam a2200421 a 4500 |
| 001 |
EBC334545 |
| 003 |
MiAaPQ |
| 005 |
20200520144314.0 |
| 006 |
m o d | |
| 007 |
cr cn||||||||| |
| 008 |
060810s2005 enka sb 001 0 eng d |
| 010 |
|
|
|z 2005901610
|
| 015 |
|
|
|a GBA546439
|2 bnb
|
| 016 |
7 |
|
|z 013210583
|2 Uk
|
| 020 |
|
|
|z 0761944370
|
| 020 |
|
|
|z 0761944389 (pbk.)
|
| 035 |
|
|
|a (MiAaPQ)EBC334545
|
| 035 |
|
|
|a (Au-PeEL)EBL334545
|
| 035 |
|
|
|a (CaPaEBR)ebr10218043
|
| 035 |
|
|
|a (CaONFJC)MIL123997
|
| 035 |
|
|
|a (OCoLC)476143461
|
| 040 |
|
|
|a MiAaPQ
|c MiAaPQ
|d MiAaPQ
|
| 050 |
|
4 |
|a HD30.28
|b .J37 2005
|
| 082 |
0 |
4 |
|a 658.4012
|2 22
|
| 100 |
1 |
|
|a Jarzabkowski, Paula.
|
| 245 |
1 |
0 |
|a Strategy as practice
|h [electronic resource] :
|b an activity-based approach /
|c Paula Jarzabkowski.
|
| 260 |
|
|
|a London ;
|a Thousand Oaks :
|b SAGE,
|c 2005.
|
| 300 |
|
|
|a viii, 203 p. :
|b ill.
|
| 490 |
1 |
|
|a Sage strategy series
|
| 504 |
|
|
|a Includes bibliographical references (p. [189]-199) and index.
|
| 533 |
|
|
|a Electronic reproduction. Ann Arbor, MI : ProQuest, 2015. Available via World Wide Web. Access may be limited to ProQuest affiliated libraries.
|
| 650 |
|
0 |
|a Strategic planning.
|
| 650 |
|
0 |
|a Management.
|
| 650 |
|
0 |
|a Business planning.
|
| 655 |
|
4 |
|a Electronic books.
|
| 710 |
2 |
|
|a ProQuest (Firm)
|
| 830 |
|
0 |
|a Sage strategy series.
|
| 856 |
4 |
0 |
|u https://ebookcentral.proquest.com/lib/matrademy/detail.action?docID=334545
|z Click to View
|